000 02628cam a2200385 a 4500
001 5991977
003 ARRUPE
005 20140606113033.0
008 990413s1999 inu b 001 0deng
010 _a 99028814
015 _aGBA2-71044
020 _a0872204960 (pbk.)
020 _a0872204979 (cloth)
035 _a(OCoLC)ocm41185135
035 _a(NNC)5991977
040 _aDLC
_cDLC
_dUKM
_dBAKER
_dOrLoB-B
041 1 _aeng
_hfre
042 _apcc
043 _ae------
_aff-----
_aaw-----
050 0 0 _aDG210
_b.M778 1999
082 0 0 _a937
_221
100 1 _aMontesquieu, Charles de Secondat,
_cbaron de,
_d1689-1755.
_910653
240 1 0 _aConsidérations sur les causes de la grandeur des Romains et de leur décadence.
_lEnglish
245 1 0 _aConsiderations on the causes of the greatness of the Romans and their decline /
_cMontesquieu ; translated, with introduction and notes, by David Lowenthal.
260 _aIndianapolis ;
_aCambridge :
_bHackett Pub.,
_c1999.
300 _a243 p. ;
_c22 cm.
504 _aIncludes bibliographical references and index.
505 0 0 _gI.
_tBeginnings of Rome; its Wars --
_gII.
_tThe Art of War Among the Romans --
_gIII.
_tHow the Romans were Able to Expand --
_gIV.
_tThe Gauls; Pyrrhus; Comparison of Carthage and Rome; Hannibal's War --
_gV.
_tThe Condition of Greece, Macedonia, Syria, and Egypt After the Reduction of the Carthaginians --
_gVI.
_tThe Conduct the Romans Pursued to Subjugate all Peoples --
_gVII.
_tHow Mithridates was Able to Resist them --
_gVIII.
_tThe Dissensions that Always Existed in the City --
_gIX.
_tTwo Causes of Rome's Ruin --
_gX.
_tThe Corruption of the Romans --
_gXI.
_tSulla; Pompey and Caesar --
_gXII.
_tThe Condition of Rome After Caesar's Death --
_gXIII.
_tAugustus --
_gXIV.
_tTiberius --
_gXV.
_tThe Emperors from Caius Caligula to Antoninus --
_gXVI.
_tThe Condition of the Empire, from Antoninus to Probus --
_gXVII.
_tChange in the State --
_gXVIII.
_tNew Maxims Adopted by the Romans --
_gXIX.
_tAttila's Greatness; Cause of the Settlement of the Barbarians; Reasons why the Western Empire was the First to Fall --
_gXX.
_tJustinian's Conquest; his Government --
_gXXI.
_tDisorders of the Eastern Empire --
_gXXII.
_tWeakness of the Eastern Empire --
_gXXIII.
_tReason for the Duration of the Eastern Empire; its Destruction.
600 1 0 _aMontesquieu, Charles de Secondat,
_cbaron de,
_d1689-1755.
_tConsidérations sur les causes de la grandeur des Romains.
_910654
651 0 _aRome
_xHistory.
_910655
700 1 _aLowenthal, David.
_910656
900 _bTOC
942 _2lcc
_cMONOGRAPH
948 2 _a20061127
_ba
_crad1
_dMPS
999 _c120637
_d120637